000 00649nam a22002177a 4500
999 _c5466
_d5466
003 AR-CdUCM
008 190312b ||||| |||| 00| 0 spa d
040 _aMUNICIPALIDAD PROVINCIAL DEL CUSCO
_cBIBLIOTECA MUNICIPAL DEL CUSCO
082 _a869.56 /
_bC77
100 _aCorcuera Osores, Arturo
_94919
245 _aTerritorio libre /
260 _aLima :
_bEdiciones Cuyac,
_c1961.
300 _c20 cm.
500 _aDonación de la familia Nieto.
505 _aContenido :Territorio libre.
650 _aPoesías peruanas
_91481
650 _aCuentos peruanos
_97
650 _aLiteratura peruana
_9169
942 _2ddc
_cLIBROS
945 _arum